000 01414nam a22003737a 4500
003 CHAP
005 20220329142350.0
008 001002d2000 mx r 00110 spa d
010 _a82429
011 _a83401
035 _a93914
040 _cCHAP
090 _aTesis
100 0 0 _aAsis Trejo, Griselda.
_97956
245 1 3 _aLa calidad total en el hule natural como una alternativa para competir en el mercado :
_bcaso planta industrializadora de hule de Tezonapa S.A. de C. V. (PLIHTSA)
_c/por Griselda Asis Trejo
260 _aChapingo, Méx. :
_bEl autor,
_c2000.
300 _a80 h.
502 _aTesis (LIc. en Administración de Empresas Agropecuarias) --UACH. División de Ciencias Económico-Administrativas
590 _aALEPH
_b10
_c20130110
_lUCH01
_h1437
590 _aBATCH-UPD
_b10
_c20130110
_lUCH01
_h0739
590 _aBATCH-UPD
_b10
_c20130410
_lUCH01
_h0421
590 _aBATCH-UPD
_b10
_c20130914
_lUCH01
_h0419
590 _aBATCH-UPD
_b10
_c20130914
_lUCH01
_h2113
590 _aCONVERSION
_b10
_c20130109
_lUCH01
_h1346
650 1 4 _aCaucho
_xAspectos económicos.
_920540
650 1 4 _aCaucho
_xIndustria
_xMéxico.
_920553
650 1 4 _aCaucho
_xMercadeo.
_920557
650 1 4 _aCaucho
_xVeracruz.
_920567
901 _aBK
905 _aMayto Villalobos S.
942 _cFOLL
949 _bBC
_cTES
_d33724000794251
_eTS2
_fc.2
_h36994
_i93914
_si
949 _bBC
_cTES
_d939141
_eTS1
_h36993
_i93914
_sb
999 _c82429
_d82429